100 let Sboru dobrovolných hasičů v Prosenicích 1906-2006 /

Hlavní autor: Pospíšilík, Milan, 1956-
Korporativní autor: Sdružení hasičů Čech, Moravy a Slezska
Další autoři: Olomouc (Česko)
Jazyk: Čeština
Vydáno: Prosenice : Sbor dobrovolných hasičů v Prosenicích, 2006
Témata:
Fyzický popis: 102 s. : il. (některé barev.), portréty, faksim. ; 23 cm
Language note: Německé resumé
Knihy
Uloženo v:
LEADER 02547nam a2200601 a 4500
001 nkc20061661441
003 CZ PrNK
005 20090604083534.0
007 ta
008 060627s2006 xr ach e f 000 0 cze
015 |a cnb001661441 
020 |a 80-239-7771-7  |q (v knize neuvedeno :  |q brož.) 
035 |a (OCoLC)85546712 
040 |a BOA001  |b cze  |d ABA001 
041 0 |a cze  |b ger 
043 |a e-xr---  |b e-xr-ol  |2 czenas 
045 |a x0y0 
072 7 |a 614.84  |x Požáry. Ochrana před požáry  |2 Konspekt  |9 14 
080 |a 614.84  |2 MRF 
080 |a 614.842.83  |2 MRF 
080 |a 614.84(091)  |2 MRF 
080 |a (437.325)  |2 MRF 
080 |a (082.2)  |2 MRF 
100 1 |a Pospíšilík, Milan,  |d 1956-  |7 mzk2004231302  |4 aut 
245 1 0 |a 100 let Sboru dobrovolných hasičů v Prosenicích 1906-2006 /  |c Milan Pospíšilík 
246 3 |a Sto let Sboru dobrovolných hasičů v Prosenicích 1906-2006 
246 1 8 |a 100 let Sboru dobrovolných hasičů v Prosenicích 
260 |a Prosenice :  |b Sbor dobrovolných hasičů v Prosenicích,  |c 2006 
300 |a 102 s. :  |b il. (některé barev.), portréty, faksim. ;  |c 23 cm 
500 |a 450 výt. 
500 |a Vydáno ke 100. výročí založení Sboru dobrovolných hasičů v Prosenicích 
500 |a Pod názvem: Sdružení hasičů Čech, Moravy a Slezska, na obálce nad názvem znak Olomouckého kraje 
504 |a Obsahuje bibliografii 
546 |a Německé resumé 
648 4 |a 1906-2006 
650 0 7 |a požární ochrana  |7 ph124487  |z Česko  |y 20.-21. stol.  |2 czenas 
650 0 7 |a dějiny požární ochrany  |7 ph488968  |z Česko  |y 20.-21. stol.  |2 czenas 
650 0 7 |a hasičské sbory  |7 ph162652  |z Česko  |y 20.-21. stol.  |2 czenas 
650 0 9 |a fire protection  |z Czechia  |y 20th-21st centuries  |2 eczenas 
650 0 9 |a history of fire protection  |z Czechia  |y 20th-21st centuries  |2 eczenas 
650 0 9 |a fire departments  |z Czechia  |y 20th-21st centuries  |2 eczenas 
655 7 |a jubilejní publikace  |7 fd131839  |2 czenas 
655 9 |a jubilee books  |2 eczenas 
610 2 7 |a Sbor dobrovolných hasičů (Prosenice, Přerov, Česko)  |7 mzk2006341029  |2 czenas 
651 7 |a Prosenice (Přerov, Česko)  |7 ge130524  |2 czenas 
651 9 |a Prosenice (Přerov, Czechia)  |2 eczenas 
710 2 |a Sdružení hasičů Čech, Moravy a Slezska  |7 ko2003174570 
710 1 |a Olomouc (Česko)  |7 ge130299 
910 2 |a BOA001  |b 2-1171.316 
990 |a BK 
995 |a 01 
991 |b 200607  |c NOV 
996 6 |b 2610285290  |c 2-1171.316  |l MZK  |r Sklad / do 1 hodiny  |n 0  |p p.v.  |w 000820695  |u 000010  |a 1  |e BOA001  |j MZK50  |s P